000 00265nam a2200109Ia 4500
008 220204s9999 xx 000 0 und d
082 _a52(035)
_bROT
245 0 _aAstronomy handbook
260 _aNew York
_bSpringer Verlag
_c1975
700 _aRoth, G D
942 _cBK
999 _c26537
_d26537